Identify the Country from the Oscar-Winning Directors - Statistics

General Stats
  • This quiz has been taken 61 times
  • The average score is 8 of 10
Answer Stats
Hint Country % Correct
Chloé Zhao China
98%
Bong Joon-ho South Korea
98%
Bernardo Bertolucci Italy
96%
Alfonso Cuarón Mexico
93%
David Lean UK
91%
Kathryn Bigelow USA
85%
Jane Campion New Zealand
76%
Ang Lee Taiwan
73%
Miloš Forman Czechoslovakia (now Czech Republic)
69%
Michel Hazanavicius France
67%
No matching quizzes found
Score Distribution
Percent of People with Each Score
Percentile by Number Answered
Your Score History
You have not taken this quiz